000 00678nam a2200289Ia 4500
005 20260324144450.0
008 008 260324s9999 xx 000 0 eng d
020 _a9780429036675
037 _aEBOOK
040 _aCRL
040 _beng
040 _cCRL
041 _2eng
041 _aeng
084 _qCRL
100 _aBarry M Blechman
_91219421
245 0 _aGlobal Security
245 2 _bA Review Of Strategic And Economic Issues
260 _bTaylor and Francis
260 _c1988
365 _a
365 _b220
856 _uhttp://www.taylorfrancis.com/books/9780429036675
942 _cEBOOK
999 _c1826071
_d1826071